00329nam a2200121Ia 4500008004100000041000800041082001200049100002000061245004500081260003800126300003200164365001100196240624s9999 xx 000 0 und d aeng a658 BAN aBANERJEE SUJAYA aSWITCH HOW 12 INDIAN COMPANIES MANAGED C c2014aNew DelhibBloomsbury India axiii, : 184 : p. : cm. ; 23 cRSb25